1726 1092 1215 1362 1606 1202 1280 1909 1061 1309 1926 1451 1910 1500 1391 1663 1719 1201 1005 2000 1520 1872 1328 1334 1364 1616 1828 1628 1561 1784 1365 1069 1203 1018 1834 1819 1219 1153 1471 1938 1132 1125 1619 1698 1882 1132 1930 1331 1473 1340 1367 1660 1850 1134 1301 1156 1625 1393 1036 1423 1572 1165 1757 1634 1846 1536 1133 1800 1008 1304 1005 1743 1744 1873 1225 1698 1852 1298 1358 1839 1906 1417 1570 1022 1150 1888 1788 1785 1765 1310 1955 1788 1871 1415 1018 1433 1628 1964 1066 BCNSPRNW ULIB Ver.6.0+V

เปลี่ยนเป็นภาษาไทย

Change to English
 แสดงรายละเอียดบรรณานุกรม
  กลับหน้าหลัก

Brief Record : Get Marc (ISO 2709) : E-mail record : QR code < ปิดหน้าต่าง
LEADER : 00000nam 2200000uu 4500
001    13399113736
003     ULIB
008    110627s||||||||th 000 0 tha d
020    9789744750327
090    นว.^bม456จ 2550
100 0  มาร์ก เลอวี
245 00 จะตามติดชิดเธอทุกชาติไป/^cมาร์ก เลอวี
250    พิมพ์ครั้งที่ 1
260    กรุงเทพฯ :^bแพรวสำนักพิมพ์,^c2550
300    213 หน้า
710 1  แพรวสำนักพิมพ์
945    ^p165^l0^i021596
995    ทศพร
999 ^a ใช้งานได้ทุกระบบ
รายการนี้ยังไม่มีแท็ก
คุณยังไม่ได้ล็อกอิน คุณสามารถมีกิจกรรมร่วมกับเว็บไซต์ได้ แต่ต้องล็อกอินก่อน ::
  ล็อกอิน

รายการสื่อสารสนเทศ

ลำดับที่ ประเภท เลขเรียก/บาร์โค้ด สถานที่ สถานะ
1. นวนิยาย
นวนิยาย
นว. ม456จ 2550 ฉ.1 
  Barcode: 021596
ห้องสมุดวิทยาเขตสวรรค์ประชารักษ์
►นวนิยาย
บนชั้น
  ขอยืม

BibComment


ยังไม่เคยถูกคอมเมนท์

คอมเมนท์ทรัพยากรรายการนี้
  คอมเมนท์: จะตามติดชิดเธอทุก..


 Copyright 2026. Bcnsprnw @Library